=LDR 00000nam 2200000 4500 =001 INLIS000000000031208 =005 20130612133307 =008 ***********************************Ind** =035 ##$$0010-061300000031208 =041 ##$$a Ind =082 ##$$a 346.492 =090 ##$$a 346.492, Sch p =100 ##$$a Scholten, Paul =245 ##$$a Penuntun dalam mempelajari hukum perdata Belanda Bagian Umum, Paul Scholten =260 ##$$a 1986 $b Jogjakarta =300 ##$$a xiii, 260 hlm, 22 cm =650 ##$$a Hukum Perdata =850 ##$$a NBPNMAT